000 00272nam a2200097Ia 4500
008 220204s9999 xx 000 0 und d
082 _a339.18(493)
_bECO
245 0 _aEconomics and commercial reports: Belgium
260 _aNew Delhi
_bMinistry of Commerce
_c1968
942 _cBK
999 _c22177
_d22177